Statistics for Amino acids

Click here to take the quiz!

General Stats

  • This quiz has been taken 1,091 times
  • The average score is 14 of 22

Answer Stats

1-Letter 3-Letter Answer % Correct
AAlaAlanine
93%
KLysLysine
89%
GGlyGlycine
85%
LLeuLeucine
84%
VValValine
80%
RArgArginine
78%
SSerSerine
76%
PProProline
72%
YTyrTyrosine
72%
QGlnGlutamine
72%
CCysCysteine
72%
WTrpTryptophan
69%
MMetMethionine
68%
FPhePhenylalanine
66%
IIleIsoleucine
60%
HHisHistidine
58%
TThrThreonine
58%
EGluGlutamic acid
54%
NAsnAsparagine
53%
DAspAspartic acid
53%
USecSelenocysteine
10%
OPylPyrrolysine
9%

Score Distribution

Percentile by Number Answered

Percent of People with Each Score

Your Score History

You have not taken this quiz